00318nam a2200133Ia 4500008004100000100001400041245002800055250000800083260004500091300000900136650001200145942001200157999001500169191201s2010 xx 000 0 und d aDESWAL, S 0aBasics of Biotechnology aRep c2010bDhanpat Rai Pubns (P) LtdaN.Delhi amisc aAPPLIED 2ddccBB c7442d7442